000 00742nam a2200229Ii 4500
003 JO-AjNU
008 230605s9999||||xx |||||||||||||| ||und||
017 _a1977/3438
020 _a1977-3438
040 _aJO-AjNU
_bara
_erda
_cJO-AjNU
041 _aara
050 1 4 _aKRM3800.M3392.1977
100 3 _aحسنى، محمود نجيب,
_eauthor
_944800
245 0 0 _aقوة الحكم الجنائي في إنهاء الدعوى الجنائية
250 _aط2
264 3 1 _aالقاهرة : دار النهضة العربية ، 1977
300 _a359ص
336 _atext
_btxt
_2rdacontent
337 _aunmediated
_bn
_2rdamedia
338 _avolume
_bnc
_2rdacarrier
650 4 _aالقانون الجنائي -- مصر
_944801
999 _aA19372
_c22940
_d22940